00643nam a2200241 a 4500001001300000003000900013005001700022008003800039020001100077082001700088100001800105245003500123260001300158300000900171500003500180505001000215650003000225700001800255902000800273942000700281952009800288999001500386nice12345678IN_TiNIC20260116011448.0050524s1961 a grp 000 0 eng  ac225600a340.59bMAH3 aMahmassani, S aFalsafat Al-Tashri Fi Al-Islam abc1961 a217p aincludes index and biblioraphy2 aIndex aIslamic-Law Jurisprudence1 aMahmassani, S bSRS cBK 00104070aHMIbHMId2007-05-04g2256.00l0o340.59 MAH3p03329r2007-05-04w2026-01-16yEB c1759d1759